| 000 | 00453nam a2200169Ia 4500 | ||
|---|---|---|---|
| 008 | 230524s9999 xx 000 0 und d | ||
| 082 |
_a681.2 _bSAW |
||
| 100 | _aA.K. Sawhney | ||
| 245 | 2 | _aA Course in Mechanical Measurements and Instrumentation & Control | |
| 250 | _a1 | ||
| 260 |
_aDelhi _bDhanpat rai _c2013 |
||
| 300 | _a"XXIC,940p;" | ||
| 500 | _aQuantity Number: 1 | ||
| 650 | _aMechanics | ||
| 700 |
_aPuneet Sawhney _945108 |
||
| 942 | _cBK | ||
| 999 |
_c60722 _d60722 |
||